| 000 | 01293nam a22002177a 4500 | ||
|---|---|---|---|
| 005 | 20220420154744.0 | ||
| 008 | 220309b ||||| |||| 00| 0 eng d | ||
| 020 | _a9781849205016 | ||
| 040 | _cAL | ||
| 041 | _aeng | ||
| 082 |
_223 _a300.72 _bMAGD |
||
| 100 |
_aMartino Maggetti _923246 |
||
| 245 | _aDesigning research in the social sciences | ||
| 260 |
_aLondon _bSage _c2013 |
||
| 300 |
_a185p. _bPB _c24x17cm. |
||
| 365 |
_2General _aVBI-1346 _b₹2987.33 _c₹ _d₹3983.10 _e25% _f21/02/2022 |
||
| 520 | _aThis innovative research design text will help you make informedchoices when carrying out your research project. Covering bothqualitative and quantitative approaches, and with examples drawnfrom a wide range of social science disciplines, the authorsexplain what is at stake when choosing a research design, anddiscuss the trade-offs that researchers have to make whenconsidering issues such as: causality; categories andclassification; meaning; levels of analysis; and, time. This bookwill appeal to students and researchers looking for an in-depthunderstanding of research design issues to help them design theirprojects in a thoughtful and responsible way. | ||
| 650 |
_aSocial Sciences _923247 |
||
| 700 |
_aGilardi, Fabrizio; Radaelli, Claudio M _923248 |
||
| 942 |
_2ddc _cBK |
||
| 999 |
_c221798 _d221798 |
||